A history of labor in modern Japan

Bewaard in:
Bibliografische gegevens
Hoofdauteur: Ayusawa, Iwao F.
Formaat: Boek
Taal:Undetermined
Gepubliceerd in: Honolulu East-West Center Press 1966
Onderwerpen:
Tags: Voeg label toe
Geen labels, Wees de eerste die dit record labelt!
Thư viện lưu trữ: Trung tâm Học liệu Trường Đại học Cần Thơ
LEADER 00513nam a2200193Ia 4500
001 CTU_87822
008 210402s9999 xx 000 0 und d
082 |a 331.88 
082 |b A989 
100 |a Ayusawa, Iwao F. 
245 2 |a A history of labor in modern Japan 
245 0 |c Iwao F. Ayusawa 
260 |a Honolulu 
260 |b East-West Center Press 
260 |c 1966 
650 |a Labor unions 
650 |z Japan 
904 |i Trọng Hiếu 
980 |a Trung tâm Học liệu Trường Đại học Cần Thơ